<?xml version="1.0" encoding="UTF-8"?>
<record
    xmlns:xsi="http://www.w3.org/2001/XMLSchema-instance"
    xsi:schemaLocation="http://www.loc.gov/MARC21/slim http://www.loc.gov/standards/marcxml/schema/MARC21slim.xsd"
    xmlns="http://www.loc.gov/MARC21/slim">

  <leader>00957nam a2200241 i 4500</leader>
  <controlfield tag="001">77324</controlfield>
  <controlfield tag="003">ES-MaACL</controlfield>
  <controlfield tag="005">20250816234308.0</controlfield>
  <controlfield tag="007">t|</controlfield>
  <controlfield tag="008">041008s1955    sp           ||||1| spa d</controlfield>
  <datafield tag="080" ind1=" " ind2=" ">
    <subfield code="a">39(460.32 Mallorca)"18"</subfield>
  </datafield>
  <datafield tag="100" ind1="1" ind2=" ">
    <subfield code="a">Ludwig Salvator, Erzherzog von &#xD6;sterreich.</subfield>
    <subfield code="9">47447</subfield>
  </datafield>
  <datafield tag="245" ind1="1" ind2="0">
    <subfield code="a">Costumbre de los mallorquines : </subfield>
    <subfield code="b">(artesan&#xED;a y folklore) / </subfield>
    <subfield code="c">Luis Salvador Habsburgo-Lorena ; [traducci&#xF3;n del alem&#xE1;n por Jos&#xE9; Sureda Blanes].</subfield>
  </datafield>
  <datafield tag="260" ind1=" " ind2=" ">
    <subfield code="a">Palma de Mallorca : </subfield>
    <subfield code="b">[s.n.], </subfield>
    <subfield code="c">1955 (</subfield>
    <subfield code="f">Imp. Moss&#xE9;n Alcover)</subfield>
  </datafield>
  <datafield tag="300" ind1=" " ind2=" ">
    <subfield code="a">VIII, 202 p., 7 l&#xE1;m. : </subfield>
    <subfield code="b">il. ; </subfield>
    <subfield code="c">24 cm.</subfield>
  </datafield>
  <datafield tag="490" ind1="1" ind2=" ">
    <subfield code="a">Las Baleares descritas por la palabra y el grabado</subfield>
  </datafield>
  <datafield tag="651" ind1=" " ind2="4">
    <subfield code="a">Mallorca-</subfield>
    <subfield code="x">Usos y costumbres.</subfield>
    <subfield code="9">173692</subfield>
  </datafield>
  <datafield tag="651" ind1=" " ind2="4">
    <subfield code="a">Mallorca-</subfield>
    <subfield code="x">Historia.</subfield>
    <subfield code="9">9016</subfield>
  </datafield>
  <datafield tag="700" ind1="1" ind2=" ">
    <subfield code="a">Sureda Blanes, Josep.</subfield>
    <subfield code="9">204057</subfield>
  </datafield>
  <datafield tag="830" ind1="1" ind2="4">
    <subfield code="a">Las Baleares descritas por la palabra y el grabado</subfield>
    <subfield code="9">231343</subfield>
  </datafield>
  <datafield tag="852" ind1=" " ind2=" ">
    <subfield code="a">ES-MaACL</subfield>
    <subfield code="j">C-9482</subfield>
  </datafield>
  <datafield tag="999" ind1=" " ind2=" ">
    <subfield code="c">77324</subfield>
    <subfield code="d">77324</subfield>
  </datafield>
  <datafield tag="952" ind1=" " ind2=" ">
    <subfield code="0">0</subfield>
    <subfield code="1">0</subfield>
    <subfield code="4">0</subfield>
    <subfield code="7">0</subfield>
    <subfield code="a">ATENEOM</subfield>
    <subfield code="b">ATENEOM</subfield>
    <subfield code="c">SPAL</subfield>
    <subfield code="d">2008-01-17</subfield>
    <subfield code="e">SC</subfield>
    <subfield code="l">0</subfield>
    <subfield code="o">C-9482</subfield>
    <subfield code="p">1080905</subfield>
    <subfield code="r">2023-02-23 00:00:00</subfield>
    <subfield code="w">2023-02-23</subfield>
    <subfield code="y">MONOGRAFIA</subfield>
  </datafield>
</record>
